| 000 | 00839nam a22002297a 4500 | ||
|---|---|---|---|
| 999 |
_c525563 _d525563 |
||
| 003 | NUST | ||
| 005 | 20191028101359.0 | ||
| 008 | 190703b ||||| |||| 00| 0 eng d | ||
| 038 | _aIESE | ||
| 040 | _c0 | ||
| 050 | _a628 IFT | ||
| 082 | _a628 IFT | ||
| 100 |
_aHera Iftikhar _924836 |
||
| 245 |
_aCo-pyrolysis of sugarcane bagasse and polystyrene with ex-situ catalytic bed of metal oxides / HZSM-5 with focus on liquid yield _cHera Iftikhar |
||
| 260 |
_aIslamabad _bIESE (SCEE) NUST _c2019 |
||
| 300 |
_a90p. _bH.B |
||
| 440 |
_aMS Environmental Engineering _91549 |
||
| 500 | _aThesis MS EE | ||
| 650 |
_aEnvironmental Engineering _91550 |
||
| 700 | _4Dr. M Zeeshan Ali Khan (Supervisor) | ||
| 942 |
_2ddc _cTHE _kIESE |
||